000
00246 a2200109 4500
001
9163
082
_a
796.358 ALT
090
_c
7338
_d
7338
100
_a
Altham, H.S.
245
_a
Cricket how to play (Transfered to SOA)
_h
English
260
_b
E.P.L.
_a
1961
942
_a
NUST-CAE
999
_c
244236
_d
244236